00610nam a2200229 a 4500001001300000003000900013005001700022008004100039020001000080082001500090100001600105245002700121260002300148300000900171500003500180505001300215650002700228902000800255942000700263952009500270999001500365nice12345678IN_TiNIC20260116011447.0050524s1929 laha grp 000 0 urd  ac10000a232.9bWAL aWalker, R H aKhudawand Ki Mulaqaten aLahorebYmcac1929 a215p aincludes index and biblioraphy2 aArchives aJesus Christ-Biography bSRS cBK 00104070aHMIbHMId2007-06-19g100.00l0o232.9 WALp4340r2007-06-19w2026-01-16yARB c1736d1736